|
|
|
|
| LEADER |
02182nam a2200481 i 4500 |
| 001 |
EBC1780805 |
| 003 |
MiAaPQ |
| 005 |
20200903223051.0 |
| 006 |
m o d | |
| 007 |
cr cnu|||||||| |
| 008 |
140912t20142014enk ob 000 0 eng d |
| 020 |
|
|
|z 9781784411121
|
| 020 |
|
|
|a 9781784411091
|q (electronic bk.)
|
| 035 |
|
|
|a (MiAaPQ)EBC1780805
|
| 035 |
|
|
|a (Au-PeEL)EBL1780805
|
| 035 |
|
|
|a (CaPaEBR)ebr10927276
|
| 035 |
|
|
|a (CaONFJC)MIL641179
|
| 035 |
|
|
|a (OCoLC)888215615
|
| 040 |
|
|
|a MiAaPQ
|b eng
|e rda
|e pn
|c MiAaPQ
|d MiAaPQ
|
| 050 |
|
4 |
|a HB615
|b .E975 2014
|
| 082 |
0 |
|
|a 33
|2 23
|
| 245 |
0 |
0 |
|a Exploring rural enterprises :
|b new perspectives on research, policy & practice /
|c edited by Colette Henry, Gerard McElwee ; contributors Katherine Adam [and twenty nine others].
|
| 250 |
|
|
|a First edition.
|
| 264 |
|
1 |
|a Bingley, England :
|b Emerald,
|c 2014.
|
| 264 |
|
4 |
|c 2014
|
| 300 |
|
|
|a 1 online resource (278 pages).
|
| 336 |
|
|
|a text
|2 rdacontent
|
| 337 |
|
|
|a computer
|2 rdamedia
|
| 338 |
|
|
|a online resource
|2 rdacarrier
|
| 490 |
1 |
|
|a Contemporary Issues in Entrepreneurship Research,
|x 2040-7246 ;
|v Volume 4
|
| 504 |
|
|
|a Includes bibliographical references at the end of each chapters.
|
| 588 |
|
|
|a Description based on online resource; title from PDF title page (ebrary, viewed September 12, 2014).
|
| 590 |
|
|
|a Electronic reproduction. Ann Arbor, MI : ProQuest, 2016. Available via World Wide Web. Access may be limited to ProQuest affiliated libraries.
|
| 650 |
|
0 |
|a Entrepreneurship.
|
| 650 |
|
0 |
|a Rural development.
|
| 655 |
|
4 |
|a Electronic books.
|
| 700 |
1 |
|
|a Henry, Colette,
|e editor.
|
| 700 |
1 |
|
|a McElwee, Gerard,
|e editor.
|
| 700 |
1 |
|
|a Adam, Katherine,
|e contributor.
|
| 776 |
0 |
8 |
|i Print version:
|t Exploring rural enterprises : new perspectives on research, policy & practice.
|b First edition.
|d Bingley, England : Emerald, c2014
|h xii, 268 pages
|k Contemporary issues in entrepreneurship research ; Volume 4.
|z 9781784411121
|
| 797 |
2 |
|
|a ProQuest (Firm)
|
| 830 |
|
0 |
|a Contemporary issues in entrepreneurship research ;
|v Volume 4.
|
| 856 |
4 |
0 |
|u https://ebookcentral.proquest.com/lib/matrademy/detail.action?docID=1780805
|z Click to View
|